Góly pre labužníkov : Lokomotíva Košice - 1.FC Košice 2:2 (1:0)

Podrobná bibliografia
Hlavný autor: Magda, Eugen (Author)
Médium: Článok
Jazyk:Slovak
Témy:
Zdroj: 1. Slovenský východ 1. Roč. 4/23, č. 82(1994), dát. 0411, s. (8)
LEADER 00773nab#a2200301#ar4500
001 000037321
003 SVKKK
005 00000000000000.0
008 c xo e sloo
FMT
038 |a SVKKK 
040 |a SVKKK  |b slo  |e AACR2 
041 0 |a slo 
044 |a xo  |c SK 
080 |a 796.  |2 1981 
100 1 |a Magda, Eugen  |4 aut 
245 1 0 |a Góly pre labužníkov :  |b Lokomotíva Košice - 1.FC Košice 2:2 (1:0)  |c Magda Eugen, 
650 0 4 |a futbal  |x futbalová liga prvá  |x Košice  |x zápasy  |x hodnotenia 
773 0 |t Slovenský východ  |g Roč. 4/23, č. 82(1994), dát. 0411, s. (8) 
957 |a Košice 
958 |a NP 
958 |a RE 
958 |a SV 
974 |d 941014  |a KKá 
992 |a RBX 
BAS
852 |a SVKKK  |b BIB 
998 |a REG